[Event "Cairo Al Ain op"]
[Site "Cairo"]
[Date "2023.12.01"]
[Round "8"]
[White "Shehata, Abdel Hady"]
[Black "Waleed Wafa, Aly"]
[Result "1-0"]
[WhiteElo "1825"]
[BlackElo "1248"]
[PlyCount "61"]
[EventDate "2023.11.27"]
[EventType "swiss"]
[EventRounds "10"]
[EventCountry "EGY"]
[SourceTitle "CB49_2023"]
[SourceDate "2023.12.06"]
[SourceVersion "1"]
[SourceVersionDate "2023.12.06"]
[SourceQuality "1"]

1. d4 Nf6 2. c4 g6 3. Nc3 Bg7 4. e4 d6 5. f4 0-0 6. Nf3 Nbd7 7. Be2 c5 8. d5 Nb6 9. Bd2 Bd7 10. h3 Nh5 11. Kf2 Bxc3 12. Bxc3 Nxf4 13. b3 f6 14. Qd2 Nxe2 15. Kxe2 Rf7 16. Raf1 Be8 17. Qh6 Bd7 18. g4 Qf8 19. Qf4 a5 20. a4 Bxa4 21. bxa4 Nxa4 22. Ba1 Ra7 23. Rb1 g5 24. Qe3 h6 25. Qa3 Qe8 26. Rb5 e6 27. Qxa4 exd5 28. cxd5 Re7 29. Nd2 Ra6 30. Qc4 b6 31. Rf1 1-0